00380nam a2200121Ia 4500008004000000020001800040082001600058100002700074245002900101260005500130300001200185650006100197210210b1994 xxu||||| |||| 00| 0 eng d a0 07 462359 1 a331.11 RAOH aRAO (T V) & Other Eds. aHRD in the new economic. aNDbTata McGraw-Hill Publishing Company Ltd.c1994 axiv,436 aHRD & economic environment Economic environment & HRD